<?xml version="1.0" encoding="UTF-8"?>
<record
    xmlns:xsi="http://www.w3.org/2001/XMLSchema-instance"
    xsi:schemaLocation="http://www.loc.gov/MARC21/slim http://www.loc.gov/standards/marcxml/schema/MARC21slim.xsd"
    xmlns="http://www.loc.gov/MARC21/slim">

  <leader>01183nim a2200361 a 4500</leader>
  <datafield tag="999" ind1=" " ind2=" ">
    <subfield code="c">23411</subfield>
    <subfield code="d">23411</subfield>
  </datafield>
  <controlfield tag="001">vtls000530229</controlfield>
  <controlfield tag="005">20221010082818.0</controlfield>
  <controlfield tag="007">sd fsngnnmmnud</controlfield>
  <controlfield tag="008">160422s2015    xo nnnnf       f  n slo c</controlfield>
  <datafield tag="020" ind1=" " ind2=" ">
    <subfield code="a">9788018031209</subfield>
  </datafield>
  <datafield tag="035" ind1=" " ind2=" ">
    <subfield code="a">a000530229</subfield>
  </datafield>
  <datafield tag="040" ind1=" " ind2=" ">
    <subfield code="a">LESKN</subfield>
    <subfield code="b">slo</subfield>
    <subfield code="c">UKB</subfield>
    <subfield code="e">AACR2</subfield>
  </datafield>
  <datafield tag="041" ind1="0" ind2=" ">
    <subfield code="a">slo</subfield>
  </datafield>
  <datafield tag="044" ind1=" " ind2=" ">
    <subfield code="a">xo</subfield>
    <subfield code="c">SK</subfield>
  </datafield>
  <datafield tag="072" ind1=" " ind2="7">
    <subfield code="a">821.162.4-3</subfield>
    <subfield code="x">Slovensk&#xE1; pr&#xF3;za</subfield>
    <subfield code="2">konspekt</subfield>
  </datafield>
  <datafield tag="080" ind1=" " ind2=" ">
    <subfield code="a">821.162.4-31</subfield>
    <subfield code="2">2004</subfield>
  </datafield>
  <datafield tag="080" ind1=" " ind2=" ">
    <subfield code="a">(086.76)</subfield>
    <subfield code="2">2004</subfield>
  </datafield>
  <datafield tag="080" ind1=" " ind2=" ">
    <subfield code="a">(0:82-312.5)</subfield>
    <subfield code="2">2004</subfield>
  </datafield>
  <datafield tag="080" ind1=" " ind2=" ">
    <subfield code="a">(0:82-993)</subfield>
    <subfield code="2">2004</subfield>
  </datafield>
  <datafield tag="100" ind1="1" ind2=" ">
    <subfield code="a">Mono&#x161;ov&#xE1;, Martina,</subfield>
    <subfield code="d">1972-</subfield>
    <subfield code="9">3631</subfield>
  </datafield>
  <datafield tag="245" ind1="1" ind2="0">
    <subfield code="a">Lekcie z nen&#xE1;visti</subfield>
    <subfield code="h">elektronick&#xFD; zdroj</subfield>
    <subfield code="c">Martina Mono&#x161;ov&#xE1; ; &#x10D;&#xED;ta: Be&#xE1;ta Drot&#xE1;rov&#xE1;</subfield>
  </datafield>
  <datafield tag="260" ind1=" " ind2=" ">
    <subfield code="a">Levo&#x10D;a</subfield>
    <subfield code="b">Slovensk&#xE1; kni&#x17E;nica pre nevidiacich Mateja Hrebendu</subfield>
    <subfield code="c">2015</subfield>
  </datafield>
  <datafield tag="300" ind1=" " ind2=" ">
    <subfield code="a">1 elektronick&#xFD; optick&#xFD; disk (CD-ROM)</subfield>
    <subfield code="b">digit&#xE1;lny, mono</subfield>
    <subfield code="c">12cm</subfield>
  </datafield>
  <datafield tag="653" ind1=" " ind2=" ">
    <subfield code="a">821.162.4-31</subfield>
  </datafield>
  <datafield tag="653" ind1=" " ind2=" ">
    <subfield code="a">(0:82-312.5)</subfield>
  </datafield>
  <datafield tag="653" ind1=" " ind2=" ">
    <subfield code="a">(0:82-993)</subfield>
  </datafield>
  <datafield tag="653" ind1=" " ind2=" ">
    <subfield code="a">(086.76)</subfield>
  </datafield>
  <datafield tag="655" ind1=" " ind2="7">
    <subfield code="a">zvukov&#xE9; dokumenty</subfield>
    <subfield code="2">UKBPH</subfield>
    <subfield code="9">3634</subfield>
  </datafield>
  <datafield tag="655" ind1=" " ind2="7">
    <subfield code="a">slovensk&#xE9; rom&#xE1;ny</subfield>
    <subfield code="2">UKBPH</subfield>
    <subfield code="9">1694</subfield>
  </datafield>
  <datafield tag="655" ind1=" " ind2="7">
    <subfield code="a">&#x13E;&#xFA;bostn&#xE9; rom&#xE1;ny</subfield>
    <subfield code="2">UKBPH</subfield>
    <subfield code="9">13</subfield>
  </datafield>
  <datafield tag="655" ind1=" " ind2="7">
    <subfield code="a">erotick&#xE9; rom&#xE1;ny</subfield>
    <subfield code="2">UKBPH</subfield>
    <subfield code="9">4</subfield>
  </datafield>
  <datafield tag="700" ind1="1" ind2=" ">
    <subfield code="a">Drot&#xE1;rov&#xE1;, Be&#xE1;ta</subfield>
    <subfield code="4">nrt</subfield>
    <subfield code="9">3635</subfield>
  </datafield>
  <datafield tag="952" ind1=" " ind2=" ">
    <subfield code="0">0</subfield>
    <subfield code="1">0</subfield>
    <subfield code="2">udc</subfield>
    <subfield code="4">0</subfield>
    <subfield code="7">0</subfield>
    <subfield code="8">K</subfield>
    <subfield code="a">10000</subfield>
    <subfield code="b">10000</subfield>
    <subfield code="d">2022-10-10</subfield>
    <subfield code="g">7.00</subfield>
    <subfield code="i">21744</subfield>
    <subfield code="l">9</subfield>
    <subfield code="m">1</subfield>
    <subfield code="o">B10552</subfield>
    <subfield code="p">B10552</subfield>
    <subfield code="r">2024-10-28</subfield>
    <subfield code="s">2024-10-07</subfield>
    <subfield code="w">2022-10-10</subfield>
    <subfield code="y">KLDO</subfield>
  </datafield>
</record>
